000 01152cam a22003131 4500
999 _c219512
_d219512
001 748252
003 Nust
005 20170210170657.0
008 721213s1952 nyua 000 0aeng
010 _a 52006355
020 _a9780553296983
040 _aDLC
_cDLC
_dDLC
041 1 _aengdut
043 _ae-ne---
050 1 0 _aD810.J4
_bF715 1952a
082 0 0 _a940.53492
_bFRA
100 1 _aFrank, Anne,
_d1929-1945.
240 1 0 _lEnglish
245 1 4 _aThe diary of a young girl;
_ctranslated from the Dutch by B. M. Mooyaart-Doubleday, with an introd. by Eleanor Roosevelt.
250 _a[1st ed.]
260 _aGarden City, N.Y.,
_bDoubleday,
_c1952.
300 _aXIV 283 p.
_c20 cm.
500 _aTranslation of Het achterhuis.
600 1 0 _aFrank, Anne,
_d1929-1945
_xDiaries.
650 0 _aHolocaust, Jewish (1939-1945)
_zNetherlands
_zAmsterdam
_xPersonal narratives.
650 0 _aJewish girls
_zNetherlands
_zAmsterdam
_xDiaries.
650 0 _aJews
_xPersecutions
_zNetherlands
_zAmsterdam.
650 0 _aJews
_zNetherlands
_zAmsterdam
_xDiaries.
651 0 _aAmsterdam (Netherlands)
_xEthnic relations.
906 _a7
_bcbc
_corignew
_du
_eocip
_f19
_gy-gencatlg
942 _2ddc
_cBK